[Event "Orbis GM 2018"]
[Site "Paracin"]
[Date "2018.07.14"]
[Round "1"]
[White "Savic, Miodrag R"]
[Black "Ikeda, Junta"]
[Result "1/2-1/2"]
[WhiteElo "2541"]
[BlackElo "2437"]
[Annotator "TA"]
[PlyCount "45"]
[EventDate "2018.??.??"]
[EventCountry "SRB"]
[SourceTitle "playchess.com"]
[Source "ChessBase"]
[SourceQuality "1"]

{[%evp 18,45,20,12,18,0,33,0,0,0,9,0,16,4,2,0,0,-17,-8,-24,-11,-9,-10,-36,-37,-33,0,-50,0,-41]} 1. e4 e5 2. Nf3 Nf6 3. Nxe5 d6 4. Nf3 Nxe4 5. d3 Nf6 6. d4 Be7 7. Bd3 O-O {C42: Petroff Defence: 3 Nxe5 and unusual White 3rd moves} 8. h3 c5 9. O-O Nc6 10. Nc3 {LiveBook: 5 Games} h6 11. Re1 Nb4 12. Bf4 Be6 (12... Re8 13. Bf1 Bf5 14. Rc1 Bf8 15. Rxe8 Qxe8 {½-½ (75) Kasimdzhanov,R (2683)-Yu,Y (2751) Riadh 2017}) 13. Bf1 Rc8 14. Bh2 d5 15. a3 $146 ({Predecessor:} 15. dxc5 Bxc5 {½-½ (25) Li,B (2359)-Ikeda,J (2412) Budapest 2017}) 15... Nc6 16. Bf4 Re8 17. Be3 c4 18. Bf4 Bf5 19. Ne5 Qb6 20. Na4 Qa5 21. Nc3 Qb6 22. Na4 Qa5 (22... Qb5 $5 {[%cal Rb5a4]} 23. g4 Bh7 24. Nxc6 Qxc6 $15) 23. Nc3 {Precision: White = 44%, Black = 35%.} 1/2-1/2

[Event "Orbis GM 2018"]
[Site "Paracin"]
[Date "2018.07.14"]
[Round "1"]
[White "Lorparizangeneh, Shahin"]
[Black "Raghunandan, Kaumandur Srihari"]
[Result "1/2-1/2"]
[WhiteElo "2493"]
[BlackElo "2417"]
[Annotator "TA"]
[PlyCount "83"]
[EventDate "2018.??.??"]
[EventCountry "SRB"]
[SourceTitle "playchess.com"]
[Source "ChessBase"]
[SourceQuality "1"]

{[%evp 21,83,13,20,0,50,12,13,12,18,17,12,12,11,11,20,12,20,12,26,12,12,10,13,4,9,14,9,0,0,0,0,0,0,0,0,0,0,0,0,0,0,0,0,0,0,0,0,0,0,0,0,0,0,0,0,0,0,0,0,0,0,0,0,0]} 1. e4 {Szabo,Kr} c5 2. Nf3 d6 3. Bb5+ Nd7 4. d4 cxd4 5. Qxd4 a6 6. Bxd7+ Bxd7 7. c4 {B51: Sicilian: Moscow Variation (3 Bb5+) without 3...Bd7} e5 8. Qd3 b5 9. Nc3 bxc4 10. Qxc4 Be6 11. Qc6+ Bd7 {LiveBook: 21 Games} 12. Qc4 Be6 13. Qd3 (13. Nd5 $5 {[%cal Rc4c6]} Rc8 14. Qxa6 $14) 13... Be7 14. O-O h6 15. Rd1 Nf6 16. Ne1 O-O {[#]} 17. Nc2 $146 Qb6 18. Ne3 Rfc8 19. b3 g6 20. Ned5 Nxd5 {The position is equal.} 21. Nxd5 Bxd5 22. Qxd5 h5 23. Be3 Qc6 24. Qxc6 Rxc6 25. Rac1 Rac8 26. Rxc6 Rxc6 27. Rc1 Rxc1+ 28. Bxc1 $11 {[%mdl 4096] Endgame KB-KB} f5 29. f3 $1 Kf7 30. Kf2 Ke6 31. Ke2 d5 32. exd5+ Kxd5 33. Kd3 e4+ 34. fxe4+ fxe4+ 35. Ke2 g5 36. h3 g4 37. hxg4 hxg4 38. Bd2 Bc5 39. a4 Bb6 40. Be1 Bd4 41. Bd2 Bb6 42. Be1 {Precision: White = 86%, Black = 75%.} 1/2-1/2

[Event "Orbis GM 2018"]
[Site "Paracin"]
[Date "2018.07.14"]
[Round "1"]
[White "Djordjevic, Vuk"]
[Black "Atalik, Suat"]
[Result "0-1"]
[WhiteElo "2403"]
[BlackElo "2509"]
[Annotator "TA"]
[PlyCount "82"]
[EventDate "2018.??.??"]
[EventCountry "SRB"]
[SourceTitle "playchess.com"]
[Source "ChessBase"]
[SourceQuality "1"]

{[%evp 19,82,11,25,-11,64,57,66,59,59,74,77,62,69,61,72,8,19,-4,0,-106,-95,-145,-143,-155,-158,-140,-152,-151,-137,-195,-191,-197,-213,-206,-189,-183,-189,-265,-254,-262,-262,-256,-244,-283,-264,-297,-277,-350,-290,-938,-677,-1185,-648,-604,-580,-29976,-29977,-29976,-29978,-29978,-29979,-29979,-29980,-29980,-29981]} 1. d4 d5 2. Nf3 Bf5 3. c4 e6 4. Nc3 Nf6 5. e3 c6 6. Bd3 Bxd3 7. Qxd3 Nbd7 8. O-O Bb4 9. Bd2 a5 10. a3 Be7 {LiveBook: 74 Games. D12: Slav Defence: 3 Nf3 Nf6 4 e3 Bf5} 11. c5 e5 (11... O-O $11) 12. Nxe5 $146 ({Predecessor:} 12. Nh4 g6 13. g3 O-O 14. f4 Ng4 15. Ng2 exd4 16. exd4 f5 17. h3 Ngf6 18. b4 axb4 19. axb4 {½-½ (36) Zhuchenko,P-Iskusnyh,S (2523) Omsk 2001}) 12... Nxe5 {White is slightly better.} 13. dxe5 Nd7 14. e4 $1 {[%cal Re4d5]} Nxc5 15. Qg3 O-O $1 16. exd5 cxd5 {[%cal Bc6d5,Bd5d4][%mdl 32]} 17. Bh6 (17. Rad1 $16) 17... Ne6 $11 18. Rfd1 d4 $36 {[%mdl 2048] [#] White must now prevent ...Bh4. Black has good play.} 19. Ne2 (19. Be3 $1 $11 {[%mdl 512] keeps the balance.}) 19... Bh4 $17 20. Qg4 {[%cal Re2d4]} f5 21. Qf3 gxh6 22. Qb3 {[#] And now Nxd4 would win.} Ra6 $1 {...Kh8 is the strong threat.} 23. Rxd4 {[#]} a4 $1 24. Qa2 (24. Rxa4 $17 {was worth a try.} Rxa4 25. Qxa4) 24... Qe7 $19 25. Nf4 {[#]} Bg5 $1 26. Nxe6 Qxe6 ({Inferior is} 26... Rxe6 27. h4 $11) 27. Qxe6+ Rxe6 28. f4 (28. Rxa4 $142 Bd8 29. f4) 28... Bd8 29. Rxa4 Bb6+ 30. Kh1 Rd8 31. Rc4 h5 {[%cal Bh6h5,Bh5h4][%mdl 32]} 32. g3 {[#]} h4 $1 33. g4 (33. gxh4 Rd2) 33... fxg4 {[%cal Bf5g4,Bg4g3][%mdl 32]} 34. Re1 $2 (34. f5 Rxe5 35. Rxg4+ Kh8 36. Rb4) 34... h5 35. h3 {White hopes to continue with hxg4.} g3 {( -> ...Rd2)} 36. Rc2 Rc6 37. Rxc6 bxc6 {Black mates.} 38. Re2 Rd1+ 39. Kg2 Rg1+ 40. Kf3 Rf1+ 41. Kg2 Rxf4 {Precision: White = 38%, Black = 71%.} 0-1

[Event "Orbis GM 2018"]
[Site "Paracin"]
[Date "2018.07.14"]
[Round "1"]
[White "Raja Rithvik R"]
[Black "Yilmazyerli, Mert"]
[Result "1/2-1/2"]
[WhiteElo "2343"]
[BlackElo "2491"]
[Annotator "TA"]
[PlyCount "57"]
[EventDate "2018.??.??"]
[EventCountry "SRB"]
[SourceTitle "playchess.com"]
[Source "ChessBase"]
[SourceQuality "1"]

{[%evp 36,57,34,23,15,15,28,0,0,0,0,0,0,-45,-43,-127,-104,-119,-22,-27,-22,-22,-22,-27]} 1. Nf3 Nf6 2. c4 e6 3. g3 d5 4. d4 Bb4+ 5. Bd2 Be7 6. Bg2 O-O 7. O-O c6 8. Qc2 Nbd7 9. Bf4 b6 10. Rd1 Nh5 11. Bc1 Nhf6 12. Bf4 Nh5 13. Bc1 Nhf6 14. Nc3 Ba6 {E08: Closed Catalan: Main Line: 7 Qc2} 15. Ne5 Nxe5 16. dxe5 Nd7 17. cxd5 cxd5 18. e4 d4 19. Rxd4 {LiveBook: 6 Games} Qc7 $1 20. Bf4 {Black must now prevent Rc1.} Rfd8 {[#]} 21. Rad1 $146 g5 22. Be3 {[#] aiming for Qa4.} Nxe5 23. Qa4 Bd3 24. Nb5 Qc6 {Hoping for ...Rxd4.} 25. Nxa7 (25. Nc3 $15 Qxa4 26. Rxa4) 25... Qxa4 $17 26. Rxa4 {[#]} Bc2 ({Better is} 26... Bc4 $1 $17 27. Rxd8+ Rxd8) 27. Rxd8+ $11 Rxd8 28. Rd4 Ra8 29. Rd2 1/2-1/2

[Event "Orbis GM 2018"]
[Site "Paracin"]
[Date "2018.07.15"]
[Round "2"]
[White "Atalik, Suat"]
[Black "Peng, Shunkai"]
[Result "1/2-1/2"]
[WhiteElo "2509"]
[BlackElo "2390"]
[Annotator "TA"]
[PlyCount "141"]
[EventDate "2018.??.??"]
[EventCountry "SRB"]
[SourceTitle "playchess.com"]
[Source "ChessBase"]
[SourceQuality "1"]

{[%evp 16,141,20,-1,12,14,8,0,15,18,65,3,8,0,28,9,12,12,16,0,0,-54,-41,-28,0,0,0,-16,-12,-15,0,-4,-17,-30,-33,-35,-48,-45,-19,-74,-86,-86,-69,-99,-111,-97,-69,-78,-72,-89,-72,-151,-140,-233,-158,-156,-161,-161,-160,-157,-152,-154,-152,-157,-150,-145,-153,-189,-179,-197,-153,-153,-153,-401,-379,-416,-368,-658,-621,-625,-593,-647,-642,-637,-597,-572,0,-507,-459,-462,-468,-420,-217,-223,-81,-75,-49,-49,-38,-56,-38,-92,0,-25,0,0,0,0,0,0,0,0,0,0,0,0,0,0,0,0,0,0,0,0,0,0,0,0]} 1. d4 Nf6 2. c4 e6 3. Nc3 Bb4 4. e3 O-O 5. Bd3 d5 6. Nf3 b6 7. O-O dxc4 {E52: Nimzo-Indian: Rubinstein: 4...0-0 5 Nf3 d5 6 Bd3 b6} 8. Bxc4 Bb7 9. Qc2 {LiveBook: 4 Games} Nbd7 10. Rd1 Qe7 11. b3 $146 ({Predecessor:} 11. a3 Bxc3 12. Qxc3 c5 13. b4 Ne4 14. Qb3 Nd6 15. dxc5 Nxc4 {½-½ (15) Aleksandrov,A (2596)-Zhigalko,S (2655) Minsk 2016}) 11... Rfc8 12. Bb2 a6 13. a3 (13. d5 $1 $14) 13... Bd6 14. e4 b5 15. Be2 {[#] Hoping for e5.} e5 16. dxe5 Nxe5 17. Nd4 g6 18. g3 (18. Nd5 $11 Nxd5 19. exd5) 18... c5 19. Nf3 Nxf3+ 20. Bxf3 {Black must now prevent Rxd6!} Be5 21. Re1 Bd4 22. Rad1 Qe5 23. Bc1 Re8 ({Don't play} 23... Bxc3 24. Bf4 $16) 24. Re2 Rad8 25. Bf4 Qe6 26. Rde1 Ng4 27. Bg2 (27. Rd1 $11 {keeps the balance.}) 27... c4 $17 28. bxc4 {next Nd5 is good for White.} Qxc4 29. Nd1 Qxc2 30. Rxc2 Rc8 31. Rxc8 Rxc8 32. Bh3 h5 $36 {[%mdl 2048] Black is really pushing.} 33. Be3 (33. Ne3 $142) 33... Rd8 34. Bf4 (34. Bxd4 $17 Rxd4 35. Nc3) 34... Bc5 35. Bxg4 hxg4 36. Ne3 Bxe4 37. Nxg4 Bf3 38. Nf6+ Kg7 39. Ne8+ Kh7 40. Nf6+ {[#]} Kh8 $1 41. Be5 {And now Ne4+ would win.} Bxa3 42. h4 b4 {[%cal Bb5b4,Bb4b3][%mdl 32]} 43. Ne4+ Kg8 44. Ng5 $2 (44. Nf6+ $17 {is the only way for White.} Kg7 45. Ne4+ Kf8 46. Ng5) 44... Bc6 45. Bf6 Re8 46. Rd1 $2 (46. Ra1) 46... b3 $19 47. g4 Be7 48. Bb2 a5 49. Rc1 Bd5 50. Re1 Bc6 51. Rc1 $1 Bd7 52. Rc7 Bxg4 53. Ra7 Bf5 (53... Bf8 $142 54. Rxa5 Re2) 54. Rxa5 Bd8 (54... Rb8 $19 {and Black stays clearly on top. aiming for ...f6.} 55. Ra7 Kf8) 55. Ra8 $17 Rf8 {Strongly threatening ...Bb6.} 56. Rb8 Bc2 57. Rb7 $1 Ba5 58. Bf6 (58. Kh2 $15) 58... Bd8 (58... Bd2 $17 59. Ne6 Re8) 59. Bc3 Bxg5 (59... Bd1 {with more complications.} 60. Kg2 Be2 61. Rxb3 Bc4 62. Rb2 Bd5+) 60. hxg5 $11 {[%mdl 4096] Endgame KRB-KRB. The position is equal.} Rc8 61. Bb2 Bd1 62. Kg2 Bc2 {Threatens to win with ...Be4+.} 63. Kg3 Kf8 64. Ba3+ Kg8 65. Be7 Kg7 66. f3 Re8 67. Bf6+ Kf8 68. Rb4 {Threatening mate with Rh4.} Re6 69. Rb8+ Re8 70. Rb7 Re2 71. Rb8+ {Precision: White = 53%, Black = 53%.} 1/2-1/2

[Event "Orbis GM 2018"]
[Site "Paracin"]
[Date "2018.07.15"]
[Round "2"]
[White "Yilmazyerli, Mert"]
[Black "Lorparizangeneh, Shahin"]
[Result "1/2-1/2"]
[WhiteElo "2491"]
[BlackElo "2493"]
[Annotator "TA"]
[PlyCount "41"]
[EventDate "2018.??.??"]
[EventCountry "SRB"]
[SourceTitle "playchess.com"]
[Source "ChessBase"]
[SourceQuality "1"]

{[%evp 33,41,0,0,0,0,0,0,0,0,0]} 1. Nf3 $146 d5 2. g3 g6 3. Bg2 Bg7 4. c4 c6 5. cxd5 cxd5 6. d4 Nf6 7. O-O O-O 8. Nc3 Ne4 9. Ne5 Nxc3 10. bxc3 Nc6 11. Nxc6 bxc6 12. Qa4 Qb6 13. Ba3 Qa6 {D79: Fianchetto Grünfeld: Symmetrical Variation (6 0-0 c6 7 cxd5 cxd5)} 14. Qxa6 Bxa6 15. Rfe1 Rfe8 16. e3 Bf8 17. Bf1 Bxf1 {LiveBook: 3 Games. The position is equal.} 18. Kxf1 Reb8 19. Rab1 e6 20. Bxf8 Kxf8 21. Rb3 1/2-1/2

[Event "Orbis GM 2018"]
[Site "Paracin"]
[Date "2018.07.15"]
[Round "2"]
[White "Ikeda, Junta"]
[Black "Radovanovic, Mihajlo"]
[Result "1-0"]
[WhiteElo "2437"]
[BlackElo "2402"]
[Annotator "TA"]
[PlyCount "115"]
[EventDate "2018.??.??"]
[EventCountry "SRB"]
[SourceTitle "playchess.com"]
[Source "ChessBase"]
[SourceQuality "1"]

{[%evp 20,115,25,19,19,14,28,8,18,10,12,10,21,13,19,-1,20,0,0,0,0,0,0,0,0,0,0,0,0,-16,0,0,8,0,3,1,26,0,0,0,0,0,8,0,0,0,8,0,0,0,7,0,0,0,8,4,15,0,8,8,8,8,15,8,10,8,10,0,0,0,0,0,0,0,0,0,0,-7,0,0,0,0,0,0,0,0,0,0,4626,4618,29986,29987,29987,29988,29990,29989,29992,29990]} 1. d4 Nf6 2. Nf3 g6 3. g3 Bg7 4. Bg2 O-O 5. O-O d6 6. c4 Nc6 7. Nc3 e5 8. dxe5 Nxe5 9. Nxe5 dxe5 10. Bg5 Qxd1 11. Rfxd1 {LiveBook: 12 Games} h6 {E62: King's Indian: Fianchetto: 6...c6 and Panno Variation (6...Nc6) without ...a6} (11... c6 12. h3 Be6 13. b3 Rfe8 14. Rd2 h6 15. Be3 Bf8 16. Na4 g5 17. Nc5 Bc8 18. Rad1 Kg7 19. Rd8 Rxd8 20. Rxd8 Be7 21. Rd1 Ne8 22. Nxb7 a5 23. Nc5 Rb8 24. Nd7 {1-0 (24) Harutyunian,T (2501)-Martinovic,S (2604) Batumi 2018}) 12. Be3 {aiming for Bc5.} c6 13. Rd2 Be6 {The position is equal.} 14. b3 Rfc8 15. Na4 $146 ({Predecessor:} 15. Rad1 Bf8 16. h3 Bb4 17. Rc1 Ba3 18. Rf1 Bb4 19. Rc2 {½-½ (41) Petr,J (2170)-Blaha,J Czechia 1997}) 15... Nd7 16. Rad1 Rc7 $1 17. f4 b6 18. c5 {[%cal Rc5b6]} b5 19. Nb6 axb6 20. cxb6 {[#]} Nxb6 $1 {[%mdl 512]} 21. Rd8+ (21. Bxb6 Rcc8) 21... Kh7 22. Bxb6 Rcc8 23. Rxc8 Rxc8 24. Rc1 Ra8 25. Rc2 Bf5 26. e4 $1 {[%cal Re4f5]} ({Much weaker is} 26. Bxc6 Rc8 $15) 26... Be6 27. Kf2 Bf8 28. Bf1 Ra6 29. Bc7 exf4 30. gxf4 Ra7 31. Bb6 Ra6 32. Bc7 Ra7 33. Bb6 Ra6 34. Be3 Be7 35. Bd3 f5 36. Kf3 fxe4+ 37. Bxe4 Bf5 38. Bd4 Bf8 39. Ke3 c5 40. Be5 Ra7 41. Rd2 c4 42. Rd8 Bg7 $1 43. Rb8 Bxe5 44. fxe5 Bxe4 45. Kxe4 Rxa2 $11 {[%mdl 4096] Endgame KR-KR} 46. Rb7+ Kg8 47. b4 {[%cal Bb3b4,Bb4b5,Bb5b6][%mdl 32]} Rxh2 48. Rxb5 c3 {[%cal Bc4c3,Bc3c2][%mdl 32]} 49. Kd5 h5 {White must now prevent ...h4.} 50. Rc5 Rb2 51. b5 c2 52. Kc6 h4 {And now ...h3 would win.} 53. e6 {[%cal Be5e6,Be6e7][%mdl 32] Threatens to win with e7.} Ra2 $2 {[%mdl 8192] [#]} (53... Rb1 $11 54. Rxc2 Kf8) 54. b6 $1 $18 h3 {[#]} 55. e7 $1 {White mates.} Ra8 56. Rxc2 g5 57. Kd7 g4 58. Rc8+ {Precision: White = 63%, Black = 51%.} 1-0

[Event "Orbis GM 2018"]
[Site "Paracin"]
[Date "2018.07.15"]
[Round "2"]
[White "Raghunandan, Kaumandur Srihari"]
[Black "Savic, Miodrag R"]
[Result "1/2-1/2"]
[WhiteElo "2417"]
[BlackElo "2541"]
[Annotator "ChessBase"]
[PlyCount "81"]
[EventDate "2018.??.??"]
[EventCountry "SRB"]
[SourceTitle "playchess.com"]
[Source "ChessBase"]
[SourceQuality "1"]
[TimeControl "40/5400+30:1800+30"]

1. e4 {[%emt 0:00:00]} d5 {[%emt 0:00:00]} 2. exd5 {[%emt 0:00:00]} Qxd5 {[%emt 0:00:00]} 3. Nc3 {[%emt 0:00:00]} Qd8 {[%emt 0:00:12]} 4. d4 {[%emt 0:00:41]} Nf6 {[%emt 0:00:20]} 5. Nf3 {[%emt 0:03:53]} Bf5 {[%emt 0:03:12]} 6. Ne5 {[%emt 0:03:55]} Be6 {[%emt 0:36:47]} 7. Bd3 {[%emt 0:19:29]} c6 {[%emt 0:00:47]} 8. Ne2 {[%emt 0:00:08]} Nbd7 {[%emt 0:10:50]} 9. O-O {[%emt 0:01:48]} Nd5 {[%emt 0:03:23]} 10. Nf4 {[%emt 0:17:39]} Nxf4 {[%emt 0:01:11]} 11. Bxf4 {[%emt 0:00:08]} g6 {[%emt 0:03:52]} 12. Nxd7 {[%emt 0:01:42]} Qxd7 {[%emt 0:00:18]} 13. Be5 {[%emt 0:00:12]} f6 {[%emt 0:04:26]} 14. Bg3 {[%emt 0:01:29]} Bf7 {[%emt 0:05:12]} 15. c3 {[%emt 0:00:37]} Bg7 {[%emt 0:00:25]} 16. Qc2 {[%emt 0:06:05]} O-O {[%emt 0:00:11]} 17. Rfe1 {[%emt 0:01:10]} Rfe8 {[%emt 0:01:13]} 18. Rad1 {[%emt 0:04:52]} Rad8 {[%emt 0:00:02]} 19. h4 {[%emt 0:00:38]} Qd5 {[%emt 0:03:47]} 20. Be4 {[%emt 0:02:36]} Qa5 {[%emt 0:02:52]} 21. a4 {[%emt 0:02:40]} Bd5 {[%emt 0:04:42]} 22. Bd3 {[%emt 0:06:16]} Bf7 {[%emt 0:00:02]} 23. b4 {[%emt 0:01:24]} Qd5 {[%emt 0:00:13]} 24. b5 {[%emt 0:08:52]} Qb3 {[%emt 0:00:40]} 25. bxc6 {[%emt 0:04:49]} bxc6 {[%emt 0:00:04]} 26. Rb1 {[%emt 0:00:34]} Qxc2 {[%emt 0:00:14]} 27. Bxc2 {[%emt 0:00:06]} c5 {[%emt 0:06:17]} 28. dxc5 {[%emt 0:01:01]} Rc8 {[%emt 0:00:04]} 29. Bd3 {[%emt 0:06:18]} e5 {[%emt 0:02:50]} 30. Bb5 {[%emt 0:00:53]} Re7 {[%emt 0:00:31]} 31. c6 {[%emt 0:03:25]} Bd5 {[%emt 0:00:03]} 32. f4 {[%emt 0:01:20]} Bxc6 {[%emt 0:03:25]} 33. fxe5 {[%emt 0:00:08]} Bxb5 {[%emt 0:00:45]} 34. Rxb5 {[%emt 0:00:18]} fxe5 {[%emt 0:00:02]} 35. Re3 {[%emt 0:01:15]} e4 {[%emt 0:01:12]} 36. Rb8 {[%emt 0:00:43]} Rxb8 {[%emt 0:00:37]} 37. Bxb8 {[%emt 0:00:06]} a6 {[%emt 0:02:25]} 38. Bf4 {[%emt 0:00:34]} Kf7 {[%emt 0:00:15]} 39. Kf1 {[%emt 0:00:32]} Re6 {[%emt 0:03:33]} 40. Ke2 {[%emt 0:00:00]} Bf6 {[%emt 0:00:00]} 41. g3 {[%emt 0:00:47]} 1/2-1/2

[Event "Orbis GM 2018"]
[Site "Paracin"]
[Date "2018.07.15"]
[Round "2"]
[White "Djordjevic, Vuk"]
[Black "Raja Rithvik R"]
[Result "1-0"]
[WhiteElo "2403"]
[BlackElo "2343"]
[Annotator "TA"]
[PlyCount "139"]
[EventDate "2018.??.??"]
[EventCountry "SRB"]
[SourceTitle "playchess.com"]
[Source "ChessBase"]
[SourceQuality "1"]

{[%evp 17,139,45,50,0,29,30,58,65,91,86,92,89,88,75,104,104,107,96,127,85,83,60,47,46,83,78,193,190,368,371,408,427,423,421,435,385,443,446,450,443,426,408,449,325,312,304,279,251,278,274,248,227,237,230,215,173,173,173,173,11,25,0,157,164,154,145,164,168,236,183,219,202,226,210,218,161,197,157,160,140,162,162,162,162,213,183,206,197,331,307,307,307,304,304,293,290,349,355,577,267,712,723,736,504,732,718,608,582,1280,555,666,593,1208,631,598,522,835,828,1408,1347,6167,6047,1939,1746]} 1. e4 c5 2. Ne2 d6 3. g3 g6 4. Bg2 Bg7 5. c3 {[%cal Bc2c3,Bc3d4,Bd4d5][%mdl 32]} Nf6 6. d4 O-O 7. O-O cxd4 8. cxd4 e5 9. Nbc3 Nc6 {LiveBook: 17 Games} 10. Qd3 $146 {B20: Sicilian: Unusual White 2nd moves} ({Predecessor:} 10. d5 Nb8 11. h3 a5 12. Be3 Na6 13. a3 Bd7 14. Rb1 b5 15. b4 axb4 16. axb4 Qb8 17. Qd3 Rc8 {0-1 (38) Hjartarson,J (2536)-Xiong,J (2634) chess.com INT 2018}) 10... Re8 (10... Qb6 $5 {[%cal Re5d4]}) 11. d5 Ne7 12. f3 {White is slightly better.} h5 13. Be3 Bd7 14. Rfc1 a6 15. a4 Rc8 16. b4 {[%cal Bb2b4,Bb4b5,Bb5b6][%mdl 32]} Rf8 17. b5 a5 18. b6 Ne8 19. Rab1 f5 20. Nb5 Rxc1+ 21. Rxc1 Nc8 {[#]} (21... h4 $16 {is a better defense.}) 22. Nc7 $1 $18 Nxc7 $2 (22... fxe4 {might work better.} 23. fxe4 (23. Qxe4 Ne7 $16) 23... Qe7 24. Nxe8 Qxe8) 23. Rxc7 Rf7 24. Qc3 fxe4 25. fxe4 h4 26. gxh4 Qxh4 27. Rxd7 ({Less strong is} 27. Rxc8+ Bxc8 28. Qxc8+ Kh7 $16) 27... Rxd7 28. Qxc8+ Rd8 29. Qe6+ Kh7 30. Qh3 Qxh3 31. Bxh3 Bh6 32. Bf2 Rf8 33. Kg2 Bd2 34. Bh4 Be3 35. Nc3 Bxb6 36. Bg3 Bc5 37. Nb5 Kh6 38. Nc7 $2 ({Better is} 38. Bd7 $18) 38... Bb6 $11 39. Nb5 ({White should play} 39. Ne6 $11 Rc8 40. Kf3) 39... Bc5 $16 40. Bg4 Kg5 41. Bd7 Kh6 42. Be1 Kh7 (42... b6 $142 43. h3 Rf6) 43. Bg4 ({Much less strong is} 43. Bxa5 $6 b6 $16) 43... Rf7 44. Bf3 b6 45. Bh4 Kg7 46. Bg3 Kh6 47. Bg4 Kh7 48. Be6 Rf8 49. Nc7 Kh6 50. h3 Bd4 (50... Bb4 $142 51. Bg4 Rh8) 51. Bg4 $18 Be3 52. Bh4 Rf4 (52... Rf7 $142) 53. Ne6 Rf7 54. Be2 g5 55. Be1 Kg6 56. Bb5 Kf6 57. Kf3 Bg1 $2 (57... Bc1 58. h4 Rb7) 58. Kg4 (58. Bd2 $142) 58... Be3 $2 (58... Rh7 59. Bd2 Rh4+ 60. Kg3 Rxe4 61. Bxg5+ Kf7) 59. h4 {White is clearly winning.} Re7 60. Bg3 Kg6 61. hxg5 Bg1 62. Kf3 Kh5 {[#]} 63. Ke2 (63. Be8+ $142 $1 {[%mdl 512]} Rxe8 64. Ng7+ Kxg5 65. Nxe8) 63... Bc5 64. Be1 Bg1 65. Kd2 Kg6 66. Be2 Rf7 67. Bg4 b5 68. Bf5+ Kh5 69. g6 {[%cal Bg5g6,Bg6g7][%mdl 32]} Ra7 70. g7 {Precision: White = 73%, Black = 32%.} 1-0

[Event "Orbis GM 2018"]
[Site "Paracin"]
[Date "2018.07.15"]
[Round "3"]
[White "Lorparizangeneh, Shahin"]
[Black "Djordjevic, Vuk D"]
[Result "1-0"]
[WhiteElo "2493"]
[BlackElo "2403"]
[Annotator "TA"]
[PlyCount "87"]
[EventDate "2018.??.??"]
[EventCountry "SRB"]
[SourceTitle "playchess.com"]
[Source "ChessBase"]
[SourceQuality "1"]

{[%evp 14,87,50,49,65,56,62,68,71,66,89,75,85,83,74,70,75,75,84,83,83,75,81,72,68,69,89,55,60,43,106,76,72,73,77,67,73,49,84,90,93,69,105,104,208,91,341,340,332,312,453,443,760,746,737,688,1081,667,626,498,816,889,892,865,860,830,1379,1311,1118,814,1212,943,1466,1265,29984,29985]} 1. d4 Nf6 2. c4 e6 3. g3 d5 4. Bg2 Bb4+ 5. Bd2 Bd6 6. Nc3 {E01: Catalan: Early deviations} c6 7. e4 dxe4 8. Nxe4 {LiveBook: 7 Games. White is slightly better.} Be7 $146 ({Predecessor:} 8... Nxe4 9. Bxe4 Nd7 10. Nf3 Nf6 11. Bc2 c5 12. Bc3 Bd7 {1-0 (36) Vallejo Pons,F (2716)-Quesada Perez,Y (2636) Monzon 2016}) 9. Bc3 Nbd7 10. Nxf6+ Bxf6 11. Nf3 Qc7 12. O-O O-O 13. Re1 Rd8 14. Qc2 b6 15. Rad1 Bb7 16. c5 Be7 17. b4 Nf6 18. Ne5 Nd5 19. Be4 Nf6 20. Bf3 Nd5 21. Bd2 Rac8 (21... Bf6 $14) 22. h4 Bf6 23. Be4 $36 {[%mdl 2048] White is really pushing.} h6 24. Nf3 Qe7 25. Qc1 Rd7 26. Bb1 h5 27. Ne5 Rdd8 28. a3 Nc7 {[#]} (28... Ba6 $16) 29. Re4 ({Not} 29. cxb6 axb6 30. Bg5 (30. Nxc6 Bxc6 31. Qxc6 Nd5 $11) 30... Nd5 $14) (29. Bg5 $1 $18 {is the precise move to win.}) 29... Ne8 $2 {[#]} (29... Nd5 $16) 30. Bg5 $1 $18 Rc7 31. g4 Bxg5 (31... hxg4 {was worth a try.} 32. Rxg4 Ba6) 32. hxg5 hxg4 (32... Rcd7 $142 33. Nxd7 Rxd7 34. gxh5 Nc7) 33. Rxg4 bxc5 34. bxc5 Ba6 35. Rh4 g6 36. Re1 Rcd7 (36... Rd5 $142 37. Qf4 Ng7) 37. Nxc6 Qf8 38. Nxd8 Rxd8 39. Qf4 {Hoping for Bxg6!} Qe7 40. Qe5 {[%csl Ge5][%cal Rh4h8]} Ng7 41. Be4 Bb7 42. c6 Ba6 43. Rh6 Bc4 44. Re3 {Precision: White = 70%, Black = 28%.} 1-0